000 00982nas a2200289 4500
001 BR2012001373
003 BR-BrBNA
005 20231205120400.0
007 ta
008 230509b bl.|||p| |||| 00| 00por d
040 _aBR-BrBNA
_bpor
_cBiblioteca Nacional de Agricultura
041 _a(Pt)
072 _aQ70; T01; F04
100 1 _aBarros, I.T.
100 1 _aAndreoli, C.V.
100 1 _aSouza Junior, I.G. de
100 1 _aCosta, A.C.S. da
245 1 _aAvaliação agronômica de biossólidos tratados por diferentes métodos químicos para aplicação na cultura do milho
650 _aPRODUÇÃO VEGETAL
650 _aRECICLAGEM
650 _aTOXIDEZ
650 _aLODO RESIDUAL
773 0 _tRevista Brasileira de Engenharia Agrícola e Ambiental (Brazil)
_xISSN 1807-1929
_g(Jun 2011), v.15(6) p. 630-638
_wBR2012001373
856 4 0 _uhttp://www.scielo.br/pdf/rbeaa/v15n6/v15n06a14.pdf
909 _a202311
_bLúcia
_c55
_dLúcia Elande
942 _2AGRIS
_n0
_cANA
999 _c218226
_d218226